MARC

Tag First Indicator Second Indicator Subfields
LEADER 00000cam a2200000 a 4500
001 in00005748813
005 20260326190623.4
006 m o d
007 cr un||||a|a||
008 111115s2010 enk ob 001 0 eng d
040 |a OCLCE  |b eng  |e pn  |c OCLCE  |d OCLCQ  |d OPELS  |d OCLCF  |d OCLCQ  |d YDXCP  |d OCLCQ  |d OCLCA  |d UKAHL  |d OCLCQ  |d S2H  |d OCLCO  |d OCLCQ  |d OCLCO  |d OCLCQ  |d OCLCO  |d OCLCL  |d SXB  |d OCLCQ  |d OCLCO  |d OCLCL  |d OCLCA  |d OCLCQ 
019 |a 993656788  |a 1100893247 
020 |a 1843345242  |q (electronic bk.) 
020 |a 9781843345244  |q (electronic bk.) 
020 |a 9781780631622  |q (e-book) 
020 |a 1780631626 
020 |z 1843345250 
020 |z 9781843345251 
035 |a (OCoLC)761429017  |z (OCoLC)993656788  |z (OCoLC)1100893247 
042 |a dlr 
050 4 |a LB1044.87  |b .R68 2010 
082 0 4 |a 378.17344678 
049 |a TXAM 
100 1 |a Rovai, Alfred P.  |1 https://id.oclc.org/worldcat/entity/E39PCjFk9JVg4t9WqWj9ppf7Dy 
245 1 4 |a The internet and higher education :  |b achieving global reach /  |c Alfred P. Rovai. 
260 |a Witney :  |b Chandos Publishing,  |c 2010. 
300 |a 1 online resource (249 pages) 
336 |a text  |b txt  |2 rdacontent 
337 |a computer  |b c  |2 rdamedia 
338 |a online resource  |b cr  |2 rdacarrier 
504 |a Includes bibliographical references (pages 217-243) and index. 
505 0 |a Key concepts of global online higher education -- Global distance education issues -- Technology and the internet -- Designing global online programmes and courses -- Global online teaching and learning -- Quality assurance and institutional effectiveness -- Summary and conclusion. 
520 3 |a Increase understanding of the major theories, issues, challenges, and solutions related to online distance education. It balances practical advice with a description of the theoretical and research-based underpinnings for the culturally-responsive strategies presented. An important integrating theme is the impact of globalization and internationalization on all aspects of distance education. Consequently, the book examines the implications of global reach and cross-border education and promotes the integration of global learning in academic programs. Addresses the global reach of distance education and associated cultural, linguistic, and accreditation issues; describes the latest online learning technologies, e.g., blogs, wikis, podcasting, mobile learning, virtual worlds, etc.; addresses the culture of higher education and forces that are moving higher education in new directions, e.g., academic capitalism, consumerism, and competition among non-profit, for-profit, and corporate universities; and provides practical, research-based solutions to real-world problems. 
588 0 |a Print version record. 
538 |a Master and use copy. Digital master created according to Benchmark for Faithful Digital Reproductions of Monographs and Serials, Version 1. Digital Library Federation, December 2002.  |u http://purl.oclc.org/DLF/benchrepro0212  |5 MiAaHDL 
583 1 |a digitized  |c 2011  |h HathiTrust Digital Library  |l committed to preserve  |2 pda  |5 MiAaHDL 
650 0 |a Internet in education. 
650 0 |a Distance education. 
650 6 |a Internet en éducation. 
650 6 |a Enseignement à distance. 
650 7 |a Distance education  |2 fast 
650 7 |a Internet in education  |2 fast 
650 7 |a Online-Medien  |2 gnd 
650 7 |a Hochschulbildung  |2 gnd 
650 7 |a Hochschule  |x Internet.  |2 idsbb 
650 7 |a Internet  |x Hochschule.  |2 idsbb 
650 7 |a Fernstudium  |x Internet.  |2 idsbb 
650 7 |a Internet  |x Fernstudium.  |2 idsbb 
650 7 |a Distansundervisning.  |2 sao 
650 7 |a Utbildning via internet  |x högskolan.  |2 sao 
655 7 |a Electronic books.  |2 local 
710 2 |a ScienceDirect (Online service) 
758 |i has work:  |a The internet and higher education (Text)  |1 https://id.oclc.org/worldcat/entity/E39PCYpqkpT7vHPtYB9krpbkgq  |4 https://id.oclc.org/worldcat/ontology/hasWork 
776 0 8 |i Print version:  |w (OCoLC)326717259 
856 4 0 |u http://proxy.library.tamu.edu/login?url=https://www.sciencedirect.com/science/book/9781843345244  |z Connect to the full text of this electronic book  |t 0 
955 |a Elsevier ScienceDirect 2026-2027 
994 |a 92  |b TXA 
999 f f |i d259a2b6-a2bb-4e58-96a6-b092f5b06a0e  |s f9d5291b-6a45-4c90-988e-cedfbe556f3e  |t 0 
952 f f |a Texas A&M University  |b College Station  |c Electronic Resources  |s www_evans  |d Available Online  |t 0  |e LB1044.87 .R68 2010  |h Library of Congress classification 
998 f f |a LB1044.87 .R68 2010  |t 0  |l Available Online